000 00275nam a22001097a 4500
008 170112b xxu||||| |||| 00| 0 eng d
020 _a9781575420707
041 _aeng
080 _a618.2
245 _aWHAT YOUNG CHILDREN NEED TO SUCCEED
_cROEHLKEPARTAIN, J.L
942 _2udc
_cBK
999 _c2779
_d2779